Géopolitique des Amériques / (Record no. 4004)

MARC details
000 -LEADER
campo de control de longitud fija 01656cam a2200373 i 4500
001 - NÚMERO DE CONTROL
campo de control 120224
005 - FECHA Y HORA DE LA ÚLTIMA TRANSACCIÓN
campo de control 20230404125744.0
008 - DATOS DE LONGITUD FIJA--INFORMACIÓN GENERAL
campo de control de longitud fija 150724s2014 fr abd rb 000 0 fre d
020 ## - NÚMERO INTERNACIONAL ESTÁNDAR DEL LIBRO
Número Internacional Estándar del Libro 9782091629773
020 ## - NÚMERO INTERNACIONAL ESTÁNDAR DEL LIBRO
Número Internacional Estándar del Libro 2091629774
041 0# - CÓDIGO DE IDIOMA
Código de lengua del texto/banda sonora o título independiente fre
050 14 - SIGNATURA TOPOGRÁFICA DE LA BIBLIOTECA DEL CONGRESO
Número de clasificación 000 E 18
Número de ítem G345 2014
082 00 - NÚMERO DE LA CLASIFICACIÓN DECIMAL DEWEY
Número de clasificación 970.053
245 00 - MENCIÓN DEL TÍTULO
Título Géopolitique des Amériques /
Mención de responsabilidad, etc. Anne-Laure Amilhat-Szary, Jacques Chevalier, Martine Guibert, [et al.] ; ouvrage dirigé par Alain Musset ; ouvrage coordonné par Vincent Thébault.
250 ## - MENCION DE EDICION
Mención de edición 4e éd.
260 ## - PUBLICACIÓN, DISTRIBUCIÓN, ETC.
Lugar de publicación, distribución, etc. Paris :
Nombre del editor, distribuidor, etc. Nathan,
Fecha de publicación, distribución, etc. 2014.
300 ## - DESCRIPCIÓN FÍSICA
Extensión 419 p. :
Otras características físicas ill. ;
Dimensiones 24 cm.
440 #0 - MENCIÓN DE SERIE/PUNTO DE ACCESO ADICIONAL--TÍTULO
Título Nouveaux continents
500 ## - NOTA GENERAL
Nota general Includes bibliographical references (p. 415 - 418).
520 ## - RESUMEN, ETC.
Sumario, etc. Ce manuel consacré à la géopolitique des Amériques se compose de 24 chapitres courts et très structurés afin d'en rendre la lecture stimulante. Pour chaque chapitre, une courte introduction permet de présenter les contextes et les enjeux, des repères chronologiques, des définitions de termes clés et des cartes viennent éclairer le propos. Des "zooms" offrent des éclairages précis sur des problématiques particulières.
650 #0 - PUNTO DE ACCESO ADICIONAL DE MATERIA--TÉRMINO DE MATERIA
Término de materia o nombre geográfico como elemento de entrada Geopolitics
Subdivisión geográfica America.
651 #0 - PUNTO DE ACCESO ADICIONAL DE MATERIA--NOMBRE GEOGRÁFICO
Nombre geográfico America
Subdivisión general Social conditions.
651 #0 - PUNTO DE ACCESO ADICIONAL DE MATERIA--NOMBRE GEOGRÁFICO
Nombre geográfico America
Subdivisión general Economic conditions.
651 #0 - PUNTO DE ACCESO ADICIONAL DE MATERIA--NOMBRE GEOGRÁFICO
Nombre geográfico America
Subdivisión general Relations.
650 #4 - PUNTO DE ACCESO ADICIONAL DE MATERIA--TÉRMINO DE MATERIA
Término de materia o nombre geográfico como elemento de entrada Geopolítica
Subdivisión geográfica América.
651 #4 - PUNTO DE ACCESO ADICIONAL DE MATERIA--NOMBRE GEOGRÁFICO
Nombre geográfico América
Subdivisión general Relaciones.
651 #4 - PUNTO DE ACCESO ADICIONAL DE MATERIA--NOMBRE GEOGRÁFICO
Nombre geográfico América
Subdivisión general Condiciones sociales.
700 1# - ENTRADA AGREGADA--NOMBRE PERSONAL
Nombre de persona Amilhat-Szary, Anne-Laure.
Término indicativo de función/relación aut.
700 1# - ENTRADA AGREGADA--NOMBRE PERSONAL
Nombre de persona Guibert, Martine.
Término indicativo de función/relación dir.
700 1# - ENTRADA AGREGADA--NOMBRE PERSONAL
Nombre de persona Thébault, Vincent.
Término indicativo de función/relación coord.
700 1# - ENTRADA AGREGADA--NOMBRE PERSONAL
Nombre de persona Musset, Alain,
Fechas asociadas al nombre 1959-
942 ## - ELEMENTOS DE ENTRADA SECUNDARIOS (KOHA)
Fuente del sistema de clasificación o colocación Clasificación de Library of Congress
Tipo de ítem Koha
946 ## - PROCESAMIENTO DE INFORMACIÓN LOCAL (OCLC)
a JaaM
Holdings
Estatus retirado Estado de pérdida Fuente del sistema de clasificación o colocación Estado de daño No para préstamo Colección Biblioteca de origen Biblioteca actual Ubicación en estantería Fecha de adquisición Serial enumeration / chronology Total checkouts Signatura topográfica completa Código de barras Visto por última vez Copia número Precio de reemplazo Tipo de ítem Koha
    Clasificación de Library of Congress     Recursos Regionales Biblioteca Juan Bosch Biblioteca Juan Bosch Recursos Regionales (2do. Piso) 04/04/2023 4   000 E 18 G345 2014 00000113244 23/10/2018 1 23/10/2018